A natural system of house design : (Record no. 40753)
[ view plain ]
| 000 -LEADER | |
|---|---|
| fixed length control field | 02320cam a2200253 a 4500 |
| 001 - CONTROL NUMBER | |
| control field | vtls002677960 |
| 003 - CONTROL NUMBER IDENTIFIER | |
| control field | MY-SjTCS |
| 005 - DATE AND TIME OF LATEST TRANSACTION | |
| control field | 20200306163256.0 |
| 008 - FIXED-LENGTH DATA ELEMENTS--GENERAL INFORMATION | |
| fixed length control field | 190729s1997 nyuaf b 001 0 eng |
| 020 ## - INTERNATIONAL STANDARD BOOK NUMBER | |
| International Standard Book Number | 0070717362 (hbk.) |
| 039 #9 - LEVEL OF BIBLIOGRAPHIC CONTROL AND CODING DETAIL [OBSOLETE] | |
| Level of rules in bibliographic description | 201907291426 |
| Level of effort used to assign nonsubject heading access points | shuhada |
| Level of effort used to assign subject headings | 201907291349 |
| Level of effort used to assign classification | shuhada |
| Level of effort used to assign subject headings | 201102181218 |
| Level of effort used to assign classification | VLOAD |
| Level of effort used to assign subject headings | 200603160830 |
| Level of effort used to assign classification | suankui |
| -- | 200407271950 |
| -- | VLOAD |
| 043 ## - GEOGRAPHIC AREA CODE | |
| Geographic area code | n-us--- |
| 082 04 - DEWEY DECIMAL CLASSIFICATION NUMBER | |
| Classification number | 728.370973 |
| Item number | WOO |
| 100 1# - MAIN ENTRY--PERSONAL NAME | |
| Personal name | Woods, Charles G. |
| 9 (RLIN) | 230522 |
| 245 12 - TITLE STATEMENT | |
| Title | A natural system of house design : |
| Remainder of title | an architect's way / |
| Statement of responsibility, etc. | Charles G. Woods ; introduction by Vince van de Venter ; illustrated by Malcolm Wells. |
| 246 18 - VARYING FORM OF TITLE | |
| Title proper/short title | Natural system of house design |
| 260 ## - PUBLICATION, DISTRIBUTION, ETC. | |
| Place of publication, distribution, etc. | New York : |
| Name of publisher, distributor, etc. | McGraw-Hill, |
| Date of publication, distribution, etc. | c1997. |
| 300 ## - PHYSICAL DESCRIPTION | |
| Extent | xviii, 219 p. [16] p. of plates : |
| Other physical details | ill. (some col.) ; |
| Dimensions | 23 x 29 cm. |
| 504 ## - BIBLIOGRAPHY, ETC. NOTE | |
| Bibliography, etc. note | Includes bibliographical references (p. 205-209) and index |
| 505 0# - FORMATTED CONTENTS NOTE | |
| Formatted contents note | Acknowledgments. - Author's preface. - MAC and I : How we worked together. - Introduction : Geometry and earth-the architecture of Charles G. Woods. - The module system. - A search for the beauty of intellect. Module house designs. 1. The Jamil/Mahmood Summer house. 2. The Brown residence. 3. The Brian Cobb house. 4. A Country residence for Mr. and Mrs. Stan Freeman. 5. The Teery residence I. 6. Snowflake. 7. Low-cost prototype. 8. Crystal. 9. A California singles house. 10. Treehouse. 11. Fountainhead. 12. The Gundlach residence. 13. Nautilus. 14. Red rocks. 15. Harmonious disconjunction. 16. Lookout. 17. Hobbitat. 18. Cragged rock. 19. Solar Arc. 20. Prairie house. 21. Spiral. 22. Underground house. 23. Earthship. 24. A craftsman-style house. - Construction drawing. 25. Hermit Cabin. - Preliminary / Final designs. - Construction. - Epilogue : My natural architecture. - Appendix A : Energy efficiency. - Appendix B : Bidding. - Appendix C : Nonresidential design-Northeast fitness and health center. - Bibliography / Suggested reading list. - Select bibliography / Chronology of Charles G. Woods, A.I.A. - Index. - About the author. - About the illustrator. - About Vince Van De Venter. - Stock plan sales. |
| 650 #0 - SUBJECT ADDED ENTRY--TOPICAL TERM | |
| Topical term or geographic name entry element | Architecture, Domestic |
| Geographic subdivision | United States. |
| 9 (RLIN) | 11784 |
| 650 #0 - SUBJECT ADDED ENTRY--TOPICAL TERM | |
| Topical term or geographic name entry element | Modular coordination (Architecture) |
| 9 (RLIN) | 5636 |
| 920 ## - Programme | |
| Programme | BLT(DIP) : 523186 |
| Withdrawn status | Lost status | Source of classification or shelving scheme | Damaged status | Not for loan | Home library | Current library | Date acquired | Total Checkouts | Barcode | Date last seen | Date last checked out | Copy number | Koha item type | Public note |
|---|---|---|---|---|---|---|---|---|---|---|---|---|---|---|
| Dewey Decimal Classification | Taylor's Library-TU | Taylor's Library-TU | 27/07/2004 | 47 | 1000117856 | 05/12/2019 | 30/05/2018 | 1 | Main Collection | SABDx,23003,02,GR |